000 01984 a2200241 4500
001 2162214035926770
003 UA-OsUOA
005 20260505095828.0
008 260504b un a|||| |||| 00| p ukr d
040 _aUA-OsUOA
_bukr
_cUA-OsUOA
_dUA-OsUOA
041 _aukr
080 _a821.161.2
090 _a821.161.2
_bC91
100 _aСухар І.
_925174
245 _aЛетіли орли з чотирьох вітрів
_bСпіваник
_cІван Сухар
260 _aГуляйполе
_bГуляйпільська друкарня
_c1995
300 _a112 с.
520 _a«Летіли орли з чотирьох вітрів» — перша авторська збірка пісень поета-дисидента Івана Сухаря, що побачила світ у 1995 році. Книга є синтезом поетичного слова та народної мелодики, де автор виступає і як поет, і як композитор. Центральною темою є козацька слава, незнищенність українського духу та віра у вільне майбутнє держави. До збірки увійшли маршові козацькі пісні, ліричні твори про рідний край та філософські роздуми. Твори стилістично наближені до українського фольклору, що зробило їх популярними серед народних хорів та ансамблів. Збірка стала символом духовного відродження Запорізького краю після десятиліть радянської цензури.
650 _a82 Література. Літературознавство
_915
942 _cBK
_2udc
955 _a3
999 _c580641
_d580641